|
|
|
|
| LEADER |
01919nam a2200409 a 4500 |
| 001 |
EBC744837 |
| 003 |
MiAaPQ |
| 005 |
20200520144314.0 |
| 006 |
m o d | |
| 007 |
cr cn||||||||| |
| 008 |
110407s2011 mdu sb 001 0 eng d |
| 010 |
|
|
|z 2011013489
|
| 020 |
|
|
|z 9781442208612
|
| 020 |
|
|
|a 9781442208636 (electronic bk.)
|
| 035 |
|
|
|a (MiAaPQ)EBC744837
|
| 035 |
|
|
|a (Au-PeEL)EBL744837
|
| 035 |
|
|
|a (CaPaEBR)ebr10492805
|
| 035 |
|
|
|a (CaONFJC)MIL322462
|
| 035 |
|
|
|a (OCoLC)753480120
|
| 040 |
|
|
|a MiAaPQ
|c MiAaPQ
|d MiAaPQ
|
| 043 |
|
|
|a s-ec---
|
| 050 |
|
4 |
|a HD9580.E2
|b W532 2011
|
| 082 |
0 |
4 |
|a 388.5/509866
|2 22
|
| 100 |
1 |
|
|a Widener, Patricia,
|d 1966-
|
| 245 |
1 |
0 |
|a Oil injustice
|h [electronic resource] :
|b resisting and conceding a pipeline in Ecuador /
|c Patricia Widener.
|
| 260 |
|
|
|a Lanham, Md. :
|b Rowman & Littlefield Publishers,
|c 2011.
|
| 300 |
|
|
|a x, 375 p.
|
| 490 |
1 |
|
|a Another world is necessary : human rights, environmental justice, and popular democracy
|
| 504 |
|
|
|a Includes bibliographical references and index.
|
| 505 |
0 |
|
|a Oil disasters and conflicts -- Lago Agrio : community-driven oil justice -- Quito's NGOs : realizing an environmental fund -- Mindo : oil and tourism may mix -- Esmeraldas : finding dignity -- Transnational responses : evidence for a southern-led global democracy -- Post-OCP : governing and contesting Correa and China in the Amazon.
|
| 533 |
|
|
|a Electronic reproduction. Ann Arbor, MI : ProQuest, 2015. Available via World Wide Web. Access may be limited to ProQuest affiliated libraries.
|
| 650 |
|
0 |
|a Petroleum pipelines
|z Ecuador
|v Case studies.
|
| 650 |
|
0 |
|a Environmental policy
|z Ecuador
|x Citizen participation
|v Case studies.
|
| 655 |
|
4 |
|a Electronic books.
|
| 710 |
2 |
|
|a ProQuest (Firm)
|
| 830 |
|
0 |
|a Another world is necessary.
|
| 856 |
4 |
0 |
|u https://ebookcentral.proquest.com/lib/matrademy/detail.action?docID=744837
|z Click to View
|